Statistiques concernant Les différentes manières de dire JSP.

Cliquez ici pour prendre le quiz!

Statistiques générales

  • Ce quiz a été pris 115 fois
    (18 depuis la dernière actualisation)
  • Le résultat moyen est 3 sur 10

Statistiques - réponses

IndiceReponse% Correct
J.S.PJe ne sais pas
63%
J.S.P au familierJ'sais pas
63%
5eme lettre de l'alphabetEuh
56%
P-ÊPeut-être
50%
13eme lettre de l'aphabetMmh
31%
16eme lettre de l'alphabetPpf
25%
Hausser les épaules🤷
0%
J.S.P au language soutenuJe ne saurais point vous dire
0%
?Point d'interrogation
0%
...Trois petits points
0%

Distribution des résultats

Percentile par nombre de réponses

% des personnes avec chaque résultat

Votre développement - résultats

Vous n’avez pas pris ce quiz depuis la dernière actualisation